Przyłącz miasto do województwa #1 - Statystyki

Ogólne statystyki
  • Ten quiz został rozwiązany 236 razy
  • Średni wynik to 10 z 15
Statystyki odpowiedzi
Miasto Województwo % Poprawnych
Nowy Targ małopolskie
90%
Rzeszów podkarpackie
87%
Łowicz łódzkie
85%
Jastrzębie-Zdrój śląskie
75%
Hrubieszów lubelskie
71%
Gryfino zachodniopomorskie
71%
Racibórz śląskie
70%
Brzeg opolskie
66%
Solec nad Wisłą mazowieckie
63%
Rawicz wielkopolskie
61%
Braniewo warmińsko-mazurskie
58%
Nowa Ruda dolnośląskie
55%
Międzyrzecz lubuskie
55%
Chełmno kujawsko-pomorskie
48%
Chmielnik świętokrzyskie
42%
Nie znaleziono quizów pasujących do podanych kryteriów
Rozkład punktacji
Procent ludzi z każdym wynikiem
Percentyl według liczby udzielonych odpowiedzi
Twoja historia wyników
Nie rozwiązałeś tego quizu